[Event "Bundesliga 9899"]
[Site "Deutschland"]
[Date "1999.04.18"]
[Round "15.8"]
[White "Meyer, Claus Dieter"]
[Black "Schuh, Hubert"]
[Result "0-1"]
[WhiteElo "2315"]
[BlackElo "2305"]
[PlyCount "132"]
[EventDate "1998.10.17"]
[EventType "team"]
[EventRounds "15"]
[EventCountry "GER"]
[SourceTitle "Bundesliga 9899"]
[Source "DeepChess"]
[SourceDate "2005.01.01"]
[SourceVersion "1"]
[SourceVersionDate "2005.01.01"]
[SourceQuality "1"]
[WhiteTeam "SAbt SV Werder Bremen"]
[BlackTeam "SK Zaehringen 1921"]
[WhiteTeamCountry "GER"]
[BlackTeamCountry "GER"]

1. Nf3 c5 2. g3 b6 3. Bg2 Bb7 4. d3 Nf6 5. e4 d6 6. O-O g6 7. Nc3 Bg7 8. Bf4 e5
9. Bd2 Nc6 10. Qc1 Nd4 11. Nxd4 cxd4 12. Ne2 O-O 13. c4 dxc3 14. Nxc3 Ba6 15.
Qb1 h6 16. b4 Qd7 17. b5 Bb7 18. Qb3 d5 19. Rfd1 Rfd8 20. a4 Rac8 21. Rac1 Rc5
22. h3 Qe6 23. exd5 Nxd5 24. Ne4 Rxc1 25. Rxc1 Nf4 26. Qxe6 Nxe6 27. Nf6+ Bxf6
28. Bxb7 Nc5 29. Bg2 Bg5 30. Bxg5 hxg5 31. a5 Rxd3 32. axb6 axb6 33. Ra1 e4 34.
Ra8+ Kg7 35. Rc8 Rb3 36. Bf1 Nd3 37. Rc4 Nc5 38. Rd4 e3 39. fxe3 Rxe3 40. Kf2
Rb3 41. h4 gxh4 42. gxh4 f5 43. Kg2 Re3 44. Rd6 Re6 45. Rd8 Ne4 46. Rc8 Kf6 47.
Bc4 Rd6 48. Re8 Nc5 49. Kh3 Rd4 50. Bf1 Ne6 51. Rb8 Rd6 52. Bc4 Nf4+ 53. Kg3
Nh5+ 54. Kf3 Ke5 55. Re8+ Kd4 56. Rc8 Ke5 57. Re8+ Kf6 58. Rf8+ Kg7 59. Rf7+
Kh6 60. Rc7 Nf6 61. Rc6 Ne4 62. Kf4 Rd2 63. Ke5 Nc5 64. Bf7 Nd7+ 65. Ke6 f4 66.
Ke7 Ne5 0-1

[Event "Bundesliga 9899"]
[Site "Deutschland"]
[Date "1999.04.18"]
[Round "15.2"]
[White "Sadler, Matthew"]
[Black "Van Wely, Loek"]
[Result "0-1"]
[WhiteElo "2668"]
[BlackElo "2636"]
[PlyCount "152"]
[EventDate "1998.10.17"]
[EventType "team"]
[EventRounds "15"]
[EventCountry "GER"]
[SourceTitle "Bundesliga 9899"]
[Source "DeepChess"]
[SourceDate "2005.01.01"]
[SourceVersion "1"]
[SourceVersionDate "2005.01.01"]
[SourceQuality "1"]
[WhiteTeam "SG 1868 Aljech. Solingen"]
[BlackTeam "SG Porz e.V."]
[WhiteTeamCountry "GER"]
[BlackTeamCountry "GER"]

1. c4 e5 2. Nc3 Nf6 3. Nf3 Nc6 4. d3 Bc5 5. g3 O-O 6. Bg2 d6 7. O-O h6 8. a3 a5
9. e3 Bb6 10. Rb1 Bf5 11. e4 Bg4 12. h3 Bh5 13. Qe1 Nd7 14. b4 axb4 15. axb4
Re8 16. Nd5 Ba7 17. Kh1 Nf8 18. Qd2 Ne6 19. Nh2 Ncd4 20. Ng4 c6 21. Nde3 Bg6
22. Bb2 Qg5 23. Bc3 h5 24. Nh2 h4 25. Nhg4 b5 26. Qb2 hxg3 27. fxg3 Bb6 28. Bd2
Qh5 29. cxb5 cxb5 30. Nd5 Bd8 31. Kh2 Bg5 32. Ra1 Rxa1 33. Rxa1 f5 34. exf5
Bxf5 35. Bxg5 Bxg4 36. Bh4 Be2 37. Be7 Ng5 38. g4 Bxg4 39. Bxg5 Nf3+ 40. Kg3
Qxg5 41. hxg4 Qh4+ 42. Kxf3 Rf8+ 43. Ke3 Qg3+ 44. Ke4 Qxg4+ 45. Nf4 Qf5+ 46.
Kd5 exf4+ 47. Kc6 Rc8+ 48. Kb6 f3 49. Ra7 Rb8+ 50. Ka5 Qg5 51. Rxg7+ Qxg7 52.
Qxg7+ Kxg7 53. Bxf3 Kf6 54. Bc6 Ke5 55. Bxb5 Kd4 56. Bc4 d5 57. Ba6 Ke5 58. b5
Kd6 59. Kb4 Rh8 60. Kc3 Kc5 61. d4+ Kb6 62. Kd2 Rg8 63. Ke3 Rf8 64. Ke2 Rf4 65.
Ke3 Rh4 66. Kd3 Rh1 67. Ke2 Rb1 68. Kd2 Rb4 69. Kc3 Rc4+ 70. Kd3 Rc7 71. Kd2
Ka5 72. Kd3 Kb4 73. b6 Rc3+ 74. Kd2 Rc6 75. Bb7 Rd6 76. Ke3 Kc3 0-1

[Event "Bundesliga 9899"]
[Site "Deutschland"]
[Date "1999.04.18"]
[Round "15.4"]
[White "Huebner, Robert"]
[Black "Timman, Jan H"]
[Result "1/2-1/2"]
[WhiteElo "2585"]
[BlackElo "2649"]
[PlyCount "27"]
[EventDate "1998.10.17"]
[EventType "team"]
[EventRounds "15"]
[EventCountry "GER"]
[SourceTitle "Bundesliga 9899"]
[Source "DeepChess"]
[SourceDate "2005.01.01"]
[SourceVersion "1"]
[SourceVersionDate "2005.01.01"]
[SourceQuality "1"]
[WhiteTeam "SG 1868 Aljech. Solingen"]
[BlackTeam "SG Porz e.V."]
[WhiteTeamCountry "GER"]
[BlackTeamCountry "GER"]

1. e4 e5 2. Nf3 Nf6 3. d4 Nxe4 4. Bd3 d5 5. Nxe5 Nd7 6. Nxd7 Bxd7 7. O-O Bd6 8.
c4 c6 9. Nc3 Nxc3 10. bxc3 O-O 11. a4 dxc4 12. Bxc4 Bf5 13. Bd3 Qd7 14. Ba3
1/2-1/2

[Event "Bundesliga 9899"]
[Site "Deutschland"]
[Date "1999.04.18"]
[Round "15.7"]
[White "Hansen, Curt"]
[Black "Gabriel, Christian"]
[Result "1/2-1/2"]
[WhiteElo "2608"]
[BlackElo "2581"]
[PlyCount "61"]
[EventDate "1998.10.17"]
[EventType "team"]
[EventRounds "15"]
[EventCountry "GER"]
[SourceTitle "Bundesliga 9899"]
[Source "DeepChess"]
[SourceDate "2005.01.01"]
[SourceVersion "1"]
[SourceVersionDate "2005.01.01"]
[SourceQuality "1"]
[WhiteTeam "SG Porz e.V."]
[BlackTeam "SG 1868 Aljech. Solingen"]
[WhiteTeamCountry "GER"]
[BlackTeamCountry "GER"]

1. c4 Nf6 2. Nc3 e5 3. Nf3 Nc6 4. g3 Bb4 5. Nd5 Bc5 6. d3 h6 7. Bg2 d6 8. O-O
O-O 9. e3 a5 10. b3 Ba7 11. Nc3 Be6 12. Bb2 Qc8 13. a3 Re8 14. Rc1 Bg4 15. Qc2
Ne7 16. Nb5 Bb8 17. Nc3 c6 18. e4 Ng6 19. Nd1 Bh3 20. Ne3 Bxg2 21. Kxg2 Ng4 22.
Nf5 Ne7 23. Nxe7+ Rxe7 24. d4 Qe8 25. Rfe1 Nf6 26. Bc3 Ba7 27. Red1 exd4 28.
Nxd4 Bxd4 29. Rxd4 c5 30. Rxd6 Nxe4 31. Rd5 1/2-1/2

[Event "Bundesliga 9899"]
[Site "Deutschland"]
[Date "1999.04.18"]
[Round "15.1"]
[White "Schlosser, Philipp"]
[Black "Rozentalis, Eduardas"]
[Result "1/2-1/2"]
[WhiteElo "2511"]
[BlackElo "2577"]
[PlyCount "33"]
[EventDate "1998.10.17"]
[EventType "team"]
[EventRounds "15"]
[EventCountry "GER"]
[SourceTitle "Bundesliga 9899"]
[Source "DeepChess"]
[SourceDate "2005.01.01"]
[SourceVersion "1"]
[SourceVersionDate "2005.01.01"]
[SourceQuality "1"]
[WhiteTeam "SK Passau 1869"]
[BlackTeam "SV Castrop Rauxel 1923"]
[WhiteTeamCountry "GER"]
[BlackTeamCountry "GER"]

1. d4 Nf6 2. Nf3 e6 3. g3 b6 4. Bg2 Bb7 5. c4 Be7 6. O-O O-O 7. Re1 Na6 8. Nc3
Ne4 9. Nxe4 Bxe4 10. Ne5 Bxg2 11. Kxg2 c6 12. e4 Qc7 13. Qg4 Rfe8 14. Qh5 Rf8
15. Qg4 Rfe8 16. Qh5 Rf8 17. Qg4 1/2-1/2

[Event "Bundesliga 9899"]
[Site "Deutschland"]
[Date "1999.04.18"]
[Round "15.3"]
[White "Wells, Peter K"]
[Black "Gallagher, Joseph G"]
[Result "1/2-1/2"]
[WhiteElo "2492"]
[BlackElo "2519"]
[PlyCount "97"]
[EventDate "1998.10.17"]
[EventType "team"]
[EventRounds "15"]
[EventCountry "GER"]
[SourceTitle "Bundesliga 9899"]
[Source "DeepChess"]
[SourceDate "2005.01.01"]
[SourceVersion "1"]
[SourceVersionDate "2005.01.01"]
[SourceQuality "1"]
[WhiteTeam "SK Passau 1869"]
[BlackTeam "SV Castrop Rauxel 1923"]
[WhiteTeamCountry "GER"]
[BlackTeamCountry "GER"]

1. d4 Nf6 2. c4 g6 3. Nc3 Bg7 4. e4 d6 5. Nf3 O-O 6. Be2 e5 7. O-O Na6 8. Be3
Ng4 9. Bg5 Qe8 10. dxe5 h6 11. Bd2 dxe5 12. h3 Nf6 13. Be3 Qe7 14. Nd5 Qd8 15.
Qc1 Kh7 16. Rd1 Nxe4 17. c5 Bd7 18. c6 bxc6 19. Bxa6 cxd5 20. Rxd5 c6 21. Rd1
Qc7 22. Qc4 f5 23. Rac1 Rad8 24. b4 Qb8 25. a4 Rfe8 26. b5 cxb5 27. axb5 Nd6
28. Bxa7 Nxc4 29. Bxb8 Rxb8 30. Rxd7 Nb6 31. Rf7 Nd5 32. Rd1 Rbd8 33. Bb7 Nc3
34. Rxd8 Rxd8 35. Bc6 e4 36. Ne5 Kg8 37. Re7 Rd1+ 38. Kh2 Nd5 39. Re8+ Kh7 40.
Nd7 Rd2 41. b6 Nxb6 42. Nxb6 Rxf2 43. Bd5 h5 44. Bg8+ Kh6 45. Nd5 h4 46. Re6
Bd4 47. Ne7 Rf1 48. Rxg6+ Kh5 49. g4+ 1/2-1/2

[Event "Bundesliga 9899"]
[Site "Deutschland"]
[Date "1999.04.18"]
[Round "15.4"]
[White "Seul, Georg"]
[Black "Smejkal, Jan"]
[Result "1/2-1/2"]
[WhiteElo "2441"]
[BlackElo "2525"]
[PlyCount "86"]
[EventDate "1998.10.17"]
[EventType "team"]
[EventRounds "15"]
[EventCountry "GER"]
[SourceTitle "Bundesliga 9899"]
[Source "DeepChess"]
[SourceDate "2005.01.01"]
[SourceVersion "1"]
[SourceVersionDate "2005.01.01"]
[SourceQuality "1"]
[WhiteTeam "SV Castrop Rauxel 1923"]
[BlackTeam "SK Passau 1869"]
[WhiteTeamCountry "GER"]
[BlackTeamCountry "GER"]

1. e4 e5 2. Nc3 Nc6 3. Nf3 Nf6 4. g3 g6 5. d4 exd4 6. Nxd4 Bg7 7. Nde2 O-O 8.
Bg2 d6 9. h3 Re8 10. O-O Be6 11. Nf4 Bc4 12. Re1 Nd7 13. Bd2 a5 14. b3 Ba6 15.
Rb1 Nce5 16. Be3 b5 17. Qd2 Nc5 18. a4 bxa4 19. Bxc5 axb3 20. cxb3 dxc5 21. Qc2
Bd3 22. Nxd3 Qxd3 23. Qxd3 Nxd3 24. Re3 Bxc3 25. Rxd3 Bd4 26. Rc1 Rab8 27. Rc4
Rb5 28. Bf3 Kg7 29. Kg2 h5 30. Ra4 Kf6 31. h4 Ke5 32. Be2 Rb6 33. Rxa5 Kxe4 34.
Rf3 f5 35. Bc4 Ke5 36. Rd3 Kf6 37. Rd2 Re7 38. Raa2 Rb8 39. Re2 Rbe8 40. Ra6+
Kg7 41. Ree6 Rxe6 42. Rxe6 Rxe6 43. Bxe6 Kf6 1/2-1/2

[Event "Bundesliga 9899"]
[Site "Deutschland"]
[Date "1999.04.18"]
[Round "15.6"]
[White "Dinstuhl, Volkmar"]
[Black "Klebel, Martin"]
[Result "1-0"]
[WhiteElo "2410"]
[BlackElo "2405"]
[PlyCount "203"]
[EventDate "1998.10.17"]
[EventType "team"]
[EventRounds "15"]
[EventCountry "GER"]
[SourceTitle "Bundesliga 9899"]
[Source "DeepChess"]
[SourceDate "2005.01.01"]
[SourceVersion "1"]
[SourceVersionDate "2005.01.01"]
[SourceQuality "1"]
[WhiteTeam "SV Castrop Rauxel 1923"]
[BlackTeam "SK Passau 1869"]
[WhiteTeamCountry "GER"]
[BlackTeamCountry "GER"]

1. d4 d5 2. c4 c6 3. Nf3 Nf6 4. Nc3 e6 5. Bg5 Nbd7 6. cxd5 exd5 7. Qc2 Be7 8.
e3 O-O 9. Bd3 Re8 10. h3 Nf8 11. O-O g6 12. Rab1 Ne6 13. Bxf6 Bxf6 14. b4 a6
15. Na4 Ng5 16. Nxg5 Bxg5 17. Nc5 Be7 18. Rfc1 Bd6 19. Qe2 Bc7 20. Qf3 Kg7 21.
Nb3 Qd6 22. Nd2 Qh2+ 23. Kf1 h5 24. Ke1 Re6 25. Bf1 Rf6 26. Qe2 Rxf2 27. Kxf2
Qg3+ 28. Kg1 Qh2+ 29. Kf2 Bg3+ 30. Kf3 Bh4 31. Qd3 Bf5 32. e4 dxe4+ 33. Nxe4
Re8 34. Re1 Rxe4 35. Rxe4 Qg3+ 36. Ke2 Qf2+ 37. Kd1 Bxe4 38. Qxe4 Qxf1+ 39. Kd2
Qf2+ 40. Qe2 Qxd4+ 41. Kc2 Qd5 42. Rb3 Bf6 43. a3 c5 44. bxc5 Qxc5+ 45. Kd1
Qd4+ 46. Kc2 b5 47. Qf1 Qd5 48. Qf3 Qc5+ 49. Kd2 a5 50. Qe4 a4 51. Rf3 Bg5+ 52.
Ke2 Bc1 53. Qd3 Bb2 54. Kf1 b4 55. axb4 Qxb4 56. Qd5 Qe7 57. Rf2 a3 58. Qb3 Qe6
59. Qb4 Qd5 60. Rxb2 axb2 61. Qxb2+ f6 62. Kg1 Qe4 63. Qc1 g5 64. Qc7+ Kg6 65.
Qc8 g4 66. Qg8+ Kf5 67. hxg4+ hxg4 68. Qc8+ Kf4 69. Qc7+ Qe5 70. Qc4+ Kf5 71.
Qc8+ Qe6 72. Qc2+ Kg5 73. Qd2+ Kg6 74. g3 f5 75. Kh2 Kf7 76. Kg1 Qb6+ 77. Kh2
Qc5 78. Qe2 Kf6 79. Qb2+ Ke6 80. Qe2+ Kd7 81. Qd3+ Kc7 82. Qe2 Qd5 83. Qc2+ Kd6
84. Qb2 Qd3 85. Qb4+ Kd5 86. Qf4 Qe2+ 87. Kg1 Qd1+ 88. Kh2 Qc2+ 89. Kg1 Qe4 90.
Qb8 Qd3 91. Kf2 Kc4 92. Qc7+ Kb3 93. Qb7+ Kc2 94. Qc6+ Kb2 95. Qb7+ Kc1 96.
Qh1+ Qd1 97. Qc6+ Qc2+ 98. Qxc2+ Kxc2 99. Ke2 Kc1 100. Ke1 Kb2 101. Kd2 f4 102.
gxf4 1-0

[Event "Bundesliga 9899"]
[Site "Deutschland"]
[Date "1999.04.18"]
[Round "15.7"]
[White "Gross, David2"]
[Black "Hennig, Dirk"]
[Result "1-0"]
[WhiteElo "2371"]
[BlackElo "2439"]
[PlyCount "199"]
[EventDate "1998.10.17"]
[EventType "team"]
[EventRounds "15"]
[EventCountry "GER"]
[SourceTitle "Bundesliga 9899"]
[Source "DeepChess"]
[SourceDate "2005.01.01"]
[SourceVersion "1"]
[SourceVersionDate "2005.01.01"]
[SourceQuality "1"]
[WhiteTeam "SK Passau 1869"]
[BlackTeam "SV Castrop Rauxel 1923"]
[WhiteTeamCountry "GER"]
[BlackTeamCountry "GER"]

1. e4 g6 2. d4 Bg7 3. Nc3 c6 4. Nf3 b5 5. Bd3 d6 6. O-O Bg4 7. Be3 Nf6 8. h3
Bxf3 9. Qxf3 O-O 10. a4 b4 11. Nb1 Nbd7 12. Nd2 d5 13. e5 Ne8 14. Qg3 c5 15. f4
c4 16. Be2 e6 17. Nf3 a5 18. h4 Bh8 19. h5 Ng7 20. hxg6 fxg6 21. Qh3 Nf5 22.
Ng5 Qe7 23. Bf2 h6 24. Nf3 Qh7 25. g3 Rf7 26. Kg2 Bg7 27. Rh1 Bf8 28. Rh2 Be7
29. g4 Ng7 30. Qxh6 Qxh6 31. Rxh6 Rxf4 32. Kg3 Re4 33. Rah1 Kf7 34. Bf1 Nb6 35.
Nd2 Bg5 36. Nxe4 dxe4 37. Rh8 Rxh8 38. Rxh8 Nxa4 39. b3 cxb3 40. cxb3 Nc3 41.
Ra8 Bd2 42. Bg1 Ne8 43. Ra7+ Kf8 44. Bc4 Ng7 45. Rxa5 g5 46. Ra7 Nd5 47. Kf2
Nf4 48. Kf1 Ne8 49. Bf2 Ng7 50. Rd7 Ne8 51. Bb5 Ng7 52. Bg3 Nd5 53. Be1 Bc3 54.
Bc6 Ne3+ 55. Ke2 Nxg4 56. Bxc3 bxc3 57. Bxe4 Nh5 58. Rc7 Nf4+ 59. Kf3 Nh2+ 60.
Kg3 Nf1+ 61. Kg4 Nd2 62. Kxg5 Nh3+ 63. Kh4 Ng1 64. Bc2 Ne2 65. Bd1 Nxd4 66.
Rxc3 Ne4 67. Rd3 Nf5+ 68. Kh5 Nc5 69. Rf3 Ke7 70. Kg5 Nd4 71. Rh3 Nd7 72. Kf4
Nc6 73. Rh7+ Kd8 74. Rh5 Nc5 75. Rh3 Kc7 76. Bg4 Kb6 77. Rh6 Nd3+ 78. Ke3 Ndxe5
79. Bxe6 Kc5 80. Kd2 Nd4 81. Kc3 Nb5+ 82. Kd2 Kd4 83. Rh4+ Kc5 84. Re4 Kd6 85.
Bc4 Nc7 86. Kc3 Nc6 87. b4 Na7 88. Rh4 Kc6 89. Rh6+ Kb7 90. Kd4 Nc6+ 91. Kc5
Ne5 92. Rd6 Ne8 93. Bd5+ Kc7 94. Re6 Nd7+ 95. Kb5 Nd6+ 96. Ka5 Nc8 97. Rc6+ Kd8
98. Rxc8+ Kxc8 99. Be6 Kc7 100. Bxd7 1-0

[Event "Bundesliga 9899"]
[Site "Deutschland"]
[Date "1999.04.18"]
[Round "15.8"]
[White "Brendel, Oliver"]
[Black "Kaiser, Wolfgang"]
[Result "1-0"]
[WhiteElo "2404"]
[BlackElo "2395"]
[PlyCount "85"]
[EventDate "1998.10.17"]
[EventType "team"]
[EventRounds "15"]
[EventCountry "GER"]
[SourceTitle "Bundesliga 9899"]
[Source "DeepChess"]
[SourceDate "2005.01.01"]
[SourceVersion "1"]
[SourceVersionDate "2005.01.01"]
[SourceQuality "1"]
[WhiteTeam "SV Castrop Rauxel 1923"]
[BlackTeam "SK Passau 1869"]
[WhiteTeamCountry "GER"]
[BlackTeamCountry "GER"]

1. e4 c5 2. Nf3 d6 3. d4 cxd4 4. Nxd4 Nf6 5. Nc3 e6 6. Be3 Be7 7. f3 Nc6 8. Qd2
a6 9. g4 Nd7 10. O-O-O O-O 11. h4 Nxd4 12. Bxd4 b5 13. g5 b4 14. Na4 Rb8 15.
Kb1 Qc7 16. h5 Qa5 17. g6 e5 18. h6 fxg6 19. Bc4+ Rf7 20. Bf2 Nf6 21. Bxf7+
Kxf7 22. b3 Be6 23. Bh4 Rg8 24. hxg7 Rxg7 25. Qe3 Qc7 26. Bxf6 Bxf6 27. Nb6 Qc5
28. Qxc5 dxc5 29. Nd7 c4 30. Rd6 cxb3 31. axb3 h5 32. Nxf6 Kxf6 33. Rxa6 Rh7
34. Kc1 h4 35. Kd2 g5 36. Rc6 Rd7+ 37. Ke3 Rd4 38. Ra1 Rd7 39. Raa6 Re7 40. Kf2
Kf7 41. Rab6 g4 42. fxg4 Bxg4 43. Rh6 1-0

[Event "Bundesliga 9900"]
[Site "Deutschland"]
[Date "1999.10.09"]
[Round "1.3"]
[White "Rogozenko, Dorian"]
[Black "Conquest, Stuart"]
[Result "1-0"]
[WhiteElo "2576"]
[BlackElo "2555"]
[PlyCount "115"]
[EventDate "1999.10.09"]
[EventType "team"]
[EventRounds "15"]
[EventCountry "GER"]
[SourceTitle "Bundesliga 9900"]
[Source "DeepChess"]
[SourceDate "2005.01.01"]
[SourceVersion "1"]
[SourceVersionDate "2005.01.01"]
[SourceQuality "1"]
[WhiteTeam "USC Magdeburg"]
[BlackTeam "Delmenhorster SK 1931"]
[WhiteTeamCountry "GER"]
[BlackTeamCountry "GER"]

1. c4 e5 2. g3 Nf6 3. Bg2 c6 4. d4 exd4 5. Qxd4 d5 6. Nf3 Be7 7. cxd5 cxd5 8.
O-O Nc6 9. Qa4 O-O 10. Nc3 Qb6 11. Qb5 Qxb5 12. Nxb5 Bf5 13. Bf4 Be4 14. Rac1
a6 15. Nd6 Bxd6 16. Bxd6 Rfe8 17. Rfd1 h6 18. b3 a5 19. a4 Ra6 20. Bc5 Rb8 21.
Bh3 Bxf3 22. exf3 Re8 23. Bf1 Raa8 24. h4 Re6 25. g4 Ne5 26. Kg2 Rc8 27. Bb5
Kh7 28. Be3 Rxc1 29. Bxc1 Ng6 30. Kg3 Ne7 31. Bb2 Kg8 32. Rc1 Nc6 33. Rc5 Nb4
34. Rc8+ Kh7 35. Rc7 Rd6 36. Bd4 Nc6 37. Bxf6 Rxf6 38. Rxb7 Nd4 39. Bd3+ g6 40.
f4 Kg7 41. Rd7 Ne6 42. f5 gxf5 43. Bxf5 Nc5 44. Rxd5 Rc6 45. Bc2 Ne6 46. Bd3
Rc3 47. f3 Rxb3 48. Bf5 Nc7 49. Rxa5 Rc3 50. Ra7 Kf6 51. Be4 Rc5 52. Rb7 Ke5
53. a5 Kd4 54. Rb4+ Ke3 55. Ra4 Nb5 56. a6 Rc7 57. Rb4 Nd6 58. Bb7 1-0

[Event "Bundesliga 9900"]
[Site "Deutschland"]
[Date "1999.10.09"]
[Round "1.4"]
[White "Gisbrecht, Ewgeni"]
[Black "Baklan, Vladimir"]
[Result "1/2-1/2"]
[WhiteElo "2422"]
[BlackElo "2591"]
[PlyCount "86"]
[EventDate "1999.10.09"]
[EventType "team"]
[EventRounds "15"]
[EventCountry "GER"]
[SourceTitle "Bundesliga 9900"]
[Source "DeepChess"]
[SourceDate "2005.01.01"]
[SourceVersion "1"]
[SourceVersionDate "2005.01.01"]
[SourceQuality "1"]
[WhiteTeam "Delmenhorster SK 1931"]
[BlackTeam "USC Magdeburg"]
[WhiteTeamCountry "GER"]
[BlackTeamCountry "GER"]

1. Nf3 c5 2. c4 Nc6 3. g3 Nf6 4. Nc3 d6 5. Bg2 g6 6. d4 cxd4 7. Nxd4 Bd7 8. O-O
Bg7 9. b3 O-O 10. Bb2 Qa5 11. e3 Rfc8 12. Qd2 Rab8 13. Rfd1 a6 14. Nd5 Qxd2 15.
Nxf6+ Bxf6 16. Rxd2 Kg7 17. Rc1 h5 18. c5 dxc5 19. Nxc6 Bxc6 20. Bxf6+ Kxf6 21.
Rxc5 Bxg2 22. Rxc8 Rxc8 23. Kxg2 b5 24. Rd4 Rc3 25. Kf3 Ke6 26. h3 a5 27. Ke2
Rc1 28. Rd1 Rc8 29. Rd4 g5 30. Kd2 f5 31. f3 b4 32. a3 bxa3 33. Ra4 Rc5 34.
Rxa3 Kd5 35. Ra4 e5 36. e4+ fxe4 37. Rxe4 Rb5 38. Kc3 Rc5+ 39. Kd2 Rb5 40. Kc3
Rb4 41. Rxb4 axb4+ 42. Kd3 Ke6 43. Ke3 Kd5 1/2-1/2

[Event "Bundesliga 9900"]
[Site "Deutschland"]
[Date "1999.10.09"]
[Round "1.5"]
[White "Georgiev, Vladimir"]
[Black "Lauber, Arnd"]
[Result "1-0"]
[WhiteElo "2519"]
[BlackElo "2416"]
[PlyCount "61"]
[EventDate "1999.10.09"]
[EventType "team"]
[EventRounds "15"]
[EventCountry "GER"]
[SourceTitle "Bundesliga 9900"]
[Source "DeepChess"]
[SourceDate "2005.01.01"]
[SourceVersion "1"]
[SourceVersionDate "2005.01.01"]
[SourceQuality "1"]
[WhiteTeam "USC Magdeburg"]
[BlackTeam "Delmenhorster SK 1931"]
[WhiteTeamCountry "GER"]
[BlackTeamCountry "GER"]

1. d4 Nf6 2. c4 e6 3. Nc3 Bb4 4. e3 O-O 5. Bd3 d5 6. cxd5 exd5 7. Nge2 c5 8.
O-O Re8 9. a3 cxd4 10. exd4 Bxc3 11. Nxc3 Nc6 12. Bg5 h6 13. Be3 Bg4 14. Qb3 b6
15. Rac1 Na5 16. Qb4 Be6 17. Bf4 Nc4 18. Nb5 Nh5 19. Be5 a5 20. Qc3 Rc8 21.
Bxc4 Rxc4 22. Qf3 Rxc1 23. Rxc1 Qg5 24. Qe3 Qg6 25. Nc7 Rc8 26. h3 Nf6 27. Kh2
Bd7 28. Rc3 Be6 29. Bxf6 Qxf6 30. Nxd5 Qd8 31. Ne7+ 1-0

[Event "Bundesliga 9900"]
[Site "Deutschland"]
[Date "1999.10.09"]
[Round "1.6"]
[White "Borik, Otto"]
[Black "Stolz, Mike"]
[Result "1-0"]
[WhiteElo "2416"]
[BlackElo "2308"]
[PlyCount "93"]
[EventDate "1999.10.09"]
[EventType "team"]
[EventRounds "15"]
[EventCountry "GER"]
[SourceTitle "Bundesliga 9900"]
[Source "DeepChess"]
[SourceDate "2005.01.01"]
[SourceVersion "1"]
[SourceVersionDate "2005.01.01"]
[SourceQuality "1"]
[WhiteTeam "Delmenhorster SK 1931"]
[BlackTeam "USC Magdeburg"]
[WhiteTeamCountry "GER"]
[BlackTeamCountry "GER"]

1. d4 Nf6 2. c4 g6 3. Nc3 Bg7 4. e4 d6 5. Nf3 O-O 6. h3 e5 7. d5 c6 8. Be3 Na6
9. Be2 cxd5 10. cxd5 Nc5 11. Nd2 Ne8 12. b4 Na6 13. Qb3 f5 14. Nc4 Bf6 15. exf5
gxf5 16. O-O Qe7 17. Qa3 Qg7 18. Bd2 Kh8 19. Rfe1 Rg8 20. Bf1 Nac7 21. Rac1 Bd7
22. Qb3 b6 23. Kh1 Qg6 24. Ne2 Rc8 25. f4 e4 26. Ne3 Bh4 27. Bc3+ Ng7 28. Red1
h6 29. Rc2 Nce8 30. Rdc1 Kh7 31. Bxg7 Rxc2 32. Rxc2 Rxg7 33. Nd4 Nf6 34. Ne6
Bxe6 35. dxe6 Nh5 36. Qd5 Ng3+ 37. Kg1 b5 38. Bxb5 Bd8 39. Rc6 Bb6 40. Rxb6
axb6 41. Qxd6 Qf6 42. Qe5 Qd8 43. Nd5 Qc8 44. Nf6+ Kh8 45. Kh2 Qd8 46. Ne8 Nf1+
47. Kg1 1-0

[Event "Bundesliga 9900"]
[Site "Deutschland"]
[Date "1999.10.09"]
[Round "1.7"]
[White "Markgraf, Alexander"]
[Black "Breutigam, Martin"]
[Result "0-1"]
[WhiteElo "2258"]
[BlackElo "2343"]
[PlyCount "71"]
[EventDate "1999.10.09"]
[EventType "team"]
[EventRounds "15"]
[EventCountry "GER"]
[SourceTitle "Bundesliga 9900"]
[Source "DeepChess"]
[SourceDate "2005.01.01"]
[SourceVersion "1"]
[SourceVersionDate "2005.01.01"]
[SourceQuality "1"]
[WhiteTeam "USC Magdeburg"]
[BlackTeam "Delmenhorster SK 1931"]
[WhiteTeamCountry "GER"]
[BlackTeamCountry "GER"]

1. e4 e6 2. d4 d5 3. e5 c5 4. c3 Nc6 5. Nf3 Bd7 6. a3 f6 7. b4 fxe5 8. b5 Nxd4
9. cxd4 exd4 10. Bf4 Nf6 11. Be2 Be7 12. O-O O-O 13. Be5 Ne4 14. Bd3 Qe8 15.
Qe2 Qh5 16. Nbd2 Nc3 17. Qe1 Bf6 18. Bxf6 gxf6 19. Nb3 Rac8 20. Be2 Qg6 21. Na5
Qe4 22. Bd1 Bxb5 23. Nxb7 Bxf1 24. Qxf1 Qf4 25. Qa6 e5 26. Qe6+ Kh8 27. Nd6 Rc7
28. g3 Qh6 29. Nxe5 Qd2 30. Nef7+ Rcxf7 31. Nxf7+ Kg7 32. Nd6 Nxd1 33. Qg4+ Kh8
34. Rxd1 Qg5 35. Qe6 Qg6 36. Qxd5 0-1

[Event "Bundesliga 9900"]
[Site "Deutschland"]
[Date "1999.10.09"]
[Round "1.8"]
[White "Wesseln, Kai"]
[Black "Darnstaedt, Frank"]
[Result "1/2-1/2"]
[WhiteElo "2356"]
[BlackElo "2340"]
[PlyCount "54"]
[EventDate "1999.10.09"]
[EventType "team"]
[EventRounds "15"]
[EventCountry "GER"]
[SourceTitle "Bundesliga 9900"]
[Source "DeepChess"]
[SourceDate "2005.01.01"]
[SourceVersion "1"]
[SourceVersionDate "2005.01.01"]
[SourceQuality "1"]
[WhiteTeam "Delmenhorster SK 1931"]
[BlackTeam "USC Magdeburg"]
[WhiteTeamCountry "GER"]
[BlackTeamCountry "GER"]

1. d4 Nf6 2. c4 g6 3. Nc3 d5 4. Nf3 Bg7 5. e3 O-O 6. Be2 c6 7. O-O Nbd7 8. cxd5
Nxd5 9. Nxd5 cxd5 10. Qb3 Nf6 11. Bd2 Ne4 12. Rfc1 Nxd2 13. Nxd2 b6 14. Rc3 Bb7
15. Rac1 Qd6 16. Qa4 e5 17. Nb3 exd4 18. Nxd4 a6 19. Rc7 b5 20. Qd1 Rab8 21.
Bg4 f5 22. Bf3 Rf7 23. Rxf7 Kxf7 24. Nc6 Rc8 25. Qxd5+ Qxd5 26. Bxd5+ Ke8 27.
f4 Bxb2 1/2-1/2

[Event "Bundesliga 9900"]
[Site "Deutschland"]
[Date "1999.10.09"]
[Round "1.1"]
[White "Tischbierek, Raj"]
[Black "Epishin, Vladimir"]
[Result "0-1"]
[WhiteElo "2544"]
[BlackElo "2657"]
[PlyCount "64"]
[EventDate "1999.10.09"]
[EventType "team"]
[EventRounds "15"]
[EventCountry "GER"]
[SourceTitle "Bundesliga 9900"]
[Source "DeepChess"]
[SourceDate "2005.01.01"]
[SourceVersion "1"]
[SourceVersionDate "2005.01.01"]
[SourceQuality "1"]
[WhiteTeam "Dresdner SC 1898"]
[BlackTeam "PSV Turm Duisburg 1920 e.V."]
[WhiteTeamCountry "GER"]
[BlackTeamCountry "GER"]

1. e4 c5 2. Nc3 a6 3. g3 b5 4. Bg2 Bb7 5. d3 Nf6 6. f4 e6 7. Nf3 d6 8. O-O Be7
9. e5 dxe5 10. fxe5 Nfd7 11. Qe2 O-O 12. a4 Qb6 13. Bf4 Nc6 14. h4 c4+ 15. Kh2
cxd3 16. cxd3 bxa4 17. h5 Rac8 18. h6 g6 19. Rxa4 Nb4 20. Raa1 Nd5 21. Nxd5
Bxd5 22. Be3 Qb3 23. Rxa6 Bxf3 24. Qxf3 Qxd3 25. Rd1 Qb5 26. Bf1 Nxe5 27. Qe4
Nc4 28. Qd4 e5 29. Qa7 Qxb2+ 30. Kg1 Nxe3 31. Qxe7 Nxd1 32. Qf6 Qf2+ 0-1